Escribir las prácticas : Foucault, de Certeau, Marin /

Análisis de la construcción y representación discursiva del mundo social y su articulación con las prácticas socioculturales, a través de las aportaciones de tres críticos intelectuales franceses Michel Foucault (1926-1984), Michel de Certeau (1925-1986) y Louis Marin (1931-1992).

Uloženo v:
Podrobná bibliografie
Hlavní autor: Chartier, Roger (autor)
Médium: Kniha
Jazyk:španělština
Vydáno: Buenos Aires, Argentina : Manantial, 1996, c1996
Témata:
Tagy: Přidat tag
Žádné tagy, Buďte první, kdo vytvoří štítek k tomuto záznamu!

MARC

LEADER 00000nam^a2200000^a^4500
001 000163851
005 20250521000000.0
009 20260310100922.096
020 |a 987-500-005-1 
037 |a Acervo ITESO - Biblioteca 
041 |a ESP 
082 |a 306. 4  |b CHA 
100 |a Chartier, Roger  |e (autor) 
245 1 0 |a Escribir las prácticas :  |b Foucault, de Certeau, Marin /  |c R. Chartier ; tr. por Horacio Pons. 
264 4 |a Buenos Aires, Argentina :  |b Manantial,  |c 1996, c1996 
300 |a 127 p. 
336 |a texto  |b txt  |2 rdacontenido 
337 |a sin mediación  |b n  |2 rdamedio 
338 |a volumen  |b nc  |2 rdasoporte 
520 |a Análisis de la construcción y representación discursiva del mundo social y su articulación con las prácticas socioculturales, a través de las aportaciones de tres críticos intelectuales franceses Michel Foucault (1926-1984), Michel de Certeau (1925-1986) y Louis Marin (1931-1992). 
649 |a XX 
650 |a Filósofos Franceses 
650 |a Intelectuales Franceses 
650 |a Análisis del Discurso -  |x Tema Principal 
650 |a Representación Social -  |x Tema Principal 
650 |a Mediación de la Comunicación 
650 |a Poder (Ciencias Sociales) 
650 |a Dominación Cultural 
650 |a Resistencia Cultural 
650 |a Prácticas Culturales 
650 |a Semiótica y Sociedad 
650 |a Sociolingüística 
650 |a Sociología de la Cultura 
650 |a Foucault, Michel 
650 |a Certeau, Michel de 
650 |a Marin, Louis 
910 |a Fondo General 
920 |a Impresos - Libros 
930 |a Colección General 
905 |a 101 
901 |a 0500097772  |b IT1  |c ACC  |u 20250521 
901 |a 0500114829  |b IT1  |c ACC  |u 20250521 
902 |a https://opac.biblio.iteso.mx/vufind/Record/000163851